Missing Word: Vietnam War Movies Quiz Stats

 Plays Quiz Updated Jul 7, 2014

Support Sporcle.
Go Orange.
Score 0/18 Timer 03:00
2 Plays Today
Movie Missing Word % Correct
Full _____ JacketMetal
97.1%
Forrest _____Gump
96.9%
Apocalypse _____Now
96.9%
Good _____, VietnamMorning
96.8%
The _____ BeretsGreen
95.4%
Casualties of _____War
94.2%
The Deer _____Hunter
92%
_____ on the Fourth of JulyBorn
90.2%
The Walking _____Dead
82%
Movie Missing Word % Correct
Coming _____Home
81.4%
Hamburger _____Hill
72.2%
We Were _____Soldiers
62.9%
Operation _____ DropDumbo
54.8%
Heaven & _____Earth
52.8%
_____ of the IntruderFlight
30.1%
Air _____America
26%
Rescue _____Dawn
22.8%
_____ *21Bat
14%

Today's Daily Dose

You're not logged in!

Compare scores with friends on all Sporcle quizzes.
OR
Log In

From the Vault

The Bible Without the BIBLE

by Anne13

How does Moses prepare his tea? Hebrews it.
Remove Ads.
Support Sporcle.
Get the best of Sporcle when you Go Orange. This ad-free experience offers more features, more stats, and more fun while also helping to support Sporcle. Thank you for becoming a member.

Show Comments

Extras

Top Quizzes Today


Score Distribution

Your Account Isn't Verified!

In order to create a playlist on Sporcle, you need to verify the email address you used during registration. Go to your Sporcle Settings to finish the process.

Report this User

Report this user for behavior that violates our Community Guidelines.

Details: